| 000 | 00809cam a2200241 a 4500 | ||
|---|---|---|---|
| 001 | 12700871 | ||
| 005 | 20180123033747.0 | ||
| 008 | 020312r20041951inu b 001 0 eng | ||
| 010 | _a 2002016222 | ||
| 020 | _a0865979650 (pbk. : alk. paper) | ||
| 040 |
_aDLC _cDLC _dDLC |
||
| 041 | _aeng | ||
| 080 | _a330.1513092 SRA | ||
| 082 | 0 | 0 |
_a330.1513092 SRA _221 |
| 100 | 1 | _a52 | |
| 101 | _aEKO | ||
| 240 | 1 | 0 |
_aWorks. _f2004 |
| 245 | 1 | 4 |
_aThe works and correspondence of David Ricardo / _cedited by Piero Sraffa ; with the collaboration of M.H. Dobb. |
| 504 | _aIncludes bibliographical references and index. | ||
| 906 |
_a7 _bcbc _corignew _d1 _eocip _f20 _gy-gencatlg |
||
| 942 |
_2ddc _cBK |
||
| 999 |
_c40705 _d40705 |
||